000 01318nam a2200265 4500
001 390
003 OSt
005 20250409081210.0
008 250408b |||||||b |||| 00| 1 eng d
040 _bpor
041 _hpor
082 _aI 028.5
_bG158
245 _aA Galinha ruiva /
_cIlustrações de Yasmin Mundaca
260 _aBelo Horizonte
_bEducacional
_c1998
300 _a23 p.
_bil.
520 _aA galinha ruiva encontra um grão de milho e decide plantá-lo. Ela pede ajuda aos seus amigos animais da fazenda (geralmente um gato, um cachorro e um porco) para plantar, regar, colher o milho, debulhar, moer o grão e assar um bolo. Em todas as etapas, recebe a recusa dos amigos preguiçosos. Determinada, a galinha realiza todo o trabalho sozinha com seus pintinhos. Quando o bolo está pronto e cheiroso, os amigos aparecem querendo provar, mas a galinha os lembra de sua falta de colaboração e se recusa a compartilhar, ensinando uma lição sobre a importância da ajuda e do trabalho em equipe.
650 0 _aLiteratura Brasileira
_9205
650 0 _aHistórias clássicas infantis
_9826
650 0 _aInfantil
_9535
650 0 _aAmizade e Solidariedade
_9816
650 0 _aGalinha ruiva
_9819
655 0 _aLivro Infantil
_9568
700 _aYasmin Mundaca
_eILUSTRADOR
_9818
942 _2ddc
_n0
_cBK
999 _c390
_d390